Kariérny rozvoj zamestnanca bakalárska práca

Guardado en:
Detalles Bibliográficos
Autor principal: Brezovská, Lucia
Autor Corporativo: Fakulta podnikového manažmentu EU. Katedra manažmentu
Otros Autores: Dubeňová, Katarína
Formato: Libro
Lenguaje:eslovaco
Publicado: Bratislava 2012
Etiquetas: Agregar Etiqueta
Sin Etiquetas, Sea el primero en etiquetar este registro!

MARC

LEADER 00000nbm a2200000 4500
001 0153921
005 20161109111815.0
041 0 |a slo 
044 |a SK 
245 1 0 |a Kariérny rozvoj zamestnanca  |b bakalárska práca  |c Lucia Brezovská ; školiteľ: Katarína Dubeňová 
264 1 |a Bratislava  |c 2012 
300 |a 59 s. 
100 1 |a Brezovská, Lucia 
700 1 |a Dubeňová, Katarína 
710 2 |a Fakulta podnikového manažmentu EU. Katedra manažmentu